[Event "Junior Online 4NCL Division 3"]
[Site "online"]
[Date "2020.04.23"]
[Round "2.31"]
[White "Sankar, Dheekshitha"]
[Black "Doyle, Joshua"]
[Result "0-1"]
[WhiteElo "1510"]
[BlackElo "1600"]
[PlyCount "88"]
[EventDate "2020.04.23"]
[WhiteTeam "Harrow Juniors B"]
[BlackTeam "Wey 1"]

1. e4 e5 2. Nf3 Nc6 3. d4 exd4 4. Nxd4 Bc5 5. Be3 Qh4 6. Nc3 Nxd4 7. Bxd4 Bb6
8. Qd2 Bxd4 9. Qxd4 Qf6 10. O-O-O Qxd4 11. Rxd4 Nf6 12. Bc4 O-O 13. Re1 d6 14.
Nd5 Nxd5 15. Bxd5 Re8 16. Re3 c6 17. Bb3 Rd8 18. Rf3 Be6 19. h3 d5 20. Rfd3 c5
21. Ra4 dxe4 22. Rxd8+ Rxd8 23. Rxe4 Bxb3 24. axb3 f5 25. Re7 Rb8 26. Rc7 Re8
27. Rxc5 Rf8 28. Rc7 Rf7 29. Rc8+ Rf8 30. Rc4 f4 31. Rc3 g5 32. Kd2 h5 33. Ke2
g4 34. hxg4 hxg4 35. f3 Re8+ 36. Kd2 gxf3 37. gxf3 Kg7 38. Rc7+ Kg6 39. Rxb7
Re3 40. Rxa7 Rxf3 41. Ke2 Rh3 42. Ra8 Rh2+ 43. Kf3 Rxc2 44. Ra6+ Kf5 0-1

[Event "Junior Online 4NCL Division 3"]
[Site "online"]
[Date "2020.04.23"]
[Round "2.32"]
[White "Baber, Sanjit"]
[Black "Patel, Krrish"]
[Result "1/2-1/2"]
[WhiteElo "1540"]
[BlackElo "1517"]
[PlyCount "119"]
[EventDate "2020.04.23"]
[WhiteTeam "Wey 1"]
[BlackTeam "Harrow Juniors B"]

1. d4 Nf6 2. e3 g6 3. c4 Bg7 4. Nc3 d6 5. Bd3 O-O 6. Nf3 Nbd7 7. O-O c5 8. d5
a6 9. b3 b6 10. Re1 Ng4 11. Qc2 Ngf6 12. Bb2 Bb7 13. e4 e6 14. h3 exd5 15. exd5
Qc7 16. Ne4 Rae8 17. Nxf6+ Nxf6 18. a3 Qd7 19. b4 Rxe1+ 20. Rxe1 Re8 21. Rxe8+
Qxe8 22. bxc5 bxc5 23. Qb3 Qe7 24. Bxf6 Bxf6 25. Qb6 Bg7 26. Nd2 Bc3 27. Ne4
Be5 28. g3 f5 29. Nd2 Bd4 30. Nf3 Bg7 31. Qb3 h6 32. Qc2 Bc8 33. h4 h5 34. Ng5
Bh6 35. Nf3 Qf6 36. Kh2 Kg7 37. Qb3 Qe7 38. Qb8 Qd7 39. Qb2+ Kg8 40. Kg2 Bg7
41. Qa2 Bh8 42. Qb1 Bg7 43. Qb3 Qb7 44. Qxb7 Bxb7 45. Ng5 Bc8 46. Kf3 Bd7 47.
Kf4 Bh6 48. Kf3 Kg7 49. Ke3 Kf6 50. Kf4 Ba4 51. f3 Bd1 52. Bf1 Ba4 53. Bd3 Bd7
54. Bf1 Kg7 55. Be2 a5 56. g4 fxg4 57. fxg4 hxg4 58. Bxg4 Bxg4 59. Kxg4 Kf6 60.
Kf4 1/2-1/2

[Event "Junior Online 4NCL Division 3"]
[Site "online"]
[Date "2020.04.23"]
[Round "2.33"]
[White "Parikh, Naavya"]
[Black "Mokhber-Garcia, Sebastian"]
[Result "1/2-1/2"]
[WhiteElo "1375"]
[BlackElo "1465"]
[PlyCount "107"]
[EventDate "2020.04.23"]
[WhiteTeam "Harrow Juniors B"]
[BlackTeam "Wey 1"]

1. e4 e5 2. Nf3 Nc6 3. Bc4 Nd4 4. Nxd4 exd4 5. c3 dxc3 6. Nxc3 Bc5 7. d4 Bb4 8.
O-O Bxc3 9. bxc3 Ne7 10. Qf3 O-O 11. Qg3 Kh8 12. Bf4 c6 13. Bd6 b5 14. Bb3 Kg8
15. Qe5 Ng6 16. Qf5 Ne7 17. Qg5 Re8 18. Be5 Ng6 19. Qxd8 Rxd8 20. Bg3 Bb7 21.
Rae1 Re8 22. Re3 d5 23. f3 dxe4 24. fxe4 Re7 25. Ref3 Nh8 26. Bd6 Rd7 27. Bc5
Re8 28. e5 a5 29. a3 a4 30. Ba2 g6 31. e6 fxe6 32. Rf8+ Rxf8 33. Rxf8+ Kg7 34.
Bxe6 Rc7 35. Rg8+ Kf6 36. Ba2 Nf7 37. Bxf7 Rxf7 38. Rf8 Rxf8 39. Bxf8 Kf5 40.
Kf2 Ke4 41. Ke2 Ba6 42. Bb4 h5 43. h3 g5 44. Ke1 Kf4 45. Kf2 g4 46. g3+ Ke4 47.
h4 Kd3 48. Kg2 Ke3 49. Kh2 Kf3 50. Bc5 Ke4 51. Bb4 Kd3 52. Kg2 Ke2 53. Bc5 Kd3
54. Bb4 1/2-1/2

[Event "Junior Online 4NCL Division 3"]
[Site "online"]
[Date "2020.04.23"]
[Round "2.34"]
[White "Guo James, Jintian"]
[Black "Benhamou, Nathan"]
[Result "1-0"]
[WhiteElo "1457"]
[BlackElo "1382"]
[PlyCount "53"]
[EventDate "2020.04.23"]
[WhiteTeam "Wey 1"]
[BlackTeam "Harrow Juniors B"]

1. e4 e5 2. Nf3 Nc6 3. Bb5 Nf6 4. O-O Bc5 5. Bxc6 dxc6 6. Nxe5 Qd4 7. Nd3 Nxe4
8. Nxc5 Nxc5 9. Re1+ Ne6 10. Nc3 O-O 11. d3 Qd6 12. Ne4 Qd5 13. Bd2 Ng5 14.
Bxg5 Re8 15. Nf6+ gxf6 16. Rxe8+ Kg7 17. Be3 Bh3 18. gxh3 Rxe8 19. Qg4+ Kh8 20.
Kf1 Rg8 21. Qe4 Qb5 22. b3 Qh5 23. h4 f5 24. Qe5+ Rg7 25. Qe8+ Rg8 26. Bd4+ f6
27. Bxf6# 1-0

[Event "Junior Online 4NCL Division 3"]
[Site "online"]
[Date "2020.04.23"]
[Round "2.35"]
[White "Doyle, Joshua"]
[Black "Sankar, Dheekshitha"]
[Result "1/2-1/2"]
[WhiteElo "1600"]
[BlackElo "1510"]
[PlyCount "74"]
[EventDate "2020.04.23"]
[WhiteTeam "Wey 1"]
[BlackTeam "Harrow Juniors B"]

1. e4 e5 2. Nf3 Nc6 3. Bc4 Bc5 4. d3 Nf6 5. Nc3 h6 6. O-O O-O 7. Be3 Bxe3 8.
fxe3 d6 9. d4 Bg4 10. d5 Ne7 11. h3 Bh5 12. g4 Bg6 13. Nh4 Nxe4 14. Nxg6 Nxc3
15. bxc3 Nxg6 16. Bd3 Qh4 17. Rf3 Rae8 18. Be4 Qd8 19. Qd3 Nh4 20. Rf2 Ng6 21.
Raf1 c6 22. c4 Qh4 23. Bxg6 fxg6 24. Qxg6 Rxf2 25. Qxe8+ Kh7 26. Rxf2 Qg3+ 27.
Rg2 Qe1+ 28. Kh2 Qxe3 29. Qh5 Qf4+ 30. Kh1 Qf1+ 31. Rg1 Qf3+ 32. Kh2 Qf2+ 33.
Rg2 Qf4+ 34. Kg1 Qe3+ 35. Kf1 Qf3+ 36. Kg1 Qe3+ 37. Kh2 Qf4+ 1/2-1/2

[Event "Junior Online 4NCL Division 3"]
[Site "online"]
[Date "2020.04.23"]
[Round "2.36"]
[White "Patel, Krrish"]
[Black "Baber, Sanjit"]
[Result "0-1"]
[WhiteElo "1517"]
[BlackElo "1540"]
[PlyCount "66"]
[EventDate "2020.04.23"]
[WhiteTeam "Harrow Juniors B"]
[BlackTeam "Wey 1"]

1. d4 Nf6 2. Bf4 d5 3. Nf3 e6 4. e3 c5 5. c3 Nc6 6. Bb5 a6 7. Ba4 b5 8. Bb3 c4
9. Bc2 Be7 10. a4 Bd7 11. Nbd2 O-O 12. O-O h6 13. axb5 axb5 14. Ne5 Nxe5 15.
Bxe5 b4 16. Qf3 b3 17. Nxb3 cxb3 18. Bxb3 Rxa1 19. Rxa1 Qb6 20. Qd1 Bc8 21. Bc2
Qxb2 22. Rb1 Qxc3 23. Rb3 Qc6 24. Qd3 Ne4 25. f3 Ng5 26. h4 Ba6 27. Qd1 Nh7 28.
Qb1 g6 29. Rb6 Qa8 30. Bxg6 Nf6 31. Bc2 Bc4 32. Rxe6 fxe6 33. Bh7+ Kh8 0-1

[Event "Junior Online 4NCL Division 3"]
[Site "online"]
[Date "2020.04.23"]
[Round "2.37"]
[White "Mokhber-Garcia, Sebastian"]
[Black "Parikh, Naavya"]
[Result "1-0"]
[WhiteElo "1465"]
[BlackElo "1375"]
[PlyCount "109"]
[EventDate "2020.04.23"]
[WhiteTeam "Wey 1"]
[BlackTeam "Harrow Juniors B"]

1. e4 e5 2. f4 d5 3. exd5 Qxd5 4. fxe5 Qxe5+ 5. Qe2 Qxe2+ 6. Bxe2 Nf6 7. Nf3
Bf5 8. c3 Bc5 9. d4 Bb6 10. Bg5 Ne4 11. Nbd2 Nxg5 12. Nxg5 O-O 13. O-O Bg6 14.
Ndf3 h6 15. Nh3 Bf5 16. Nfg5 Bxh3 17. Nxh3 Re8 18. Bc4 Rf8 19. Rf4 Nc6 20. Bd5
Nd8 21. Raf1 c6 22. Bb3 Rc8 23. c4 Bc7 24. R4f3 Ne6 25. c5 Rce8 26. Bxe6 Rxe6
27. Nf4 Re4 28. Ng6 f6 29. Nxf8 Kxf8 30. Rd3 Re2 31. Rb1 Re4 32. d5 cxd5 33.
Rxd5 Rh4 34. g3 Rc4 35. b3 Re4 36. Rd7 Re7 37. Rxe7 Kxe7 38. Kf2 Ke6 39. Rd1
Be5 40. Ke3 Ke7 41. Re1 Kd7 42. Rc1 Ke7 43. c6 bxc6 44. Rxc6 Bd6 45. Kd4 Kf7
46. Rxd6 Ke7 47. Kc5 g6 48. Kc6 g5 49. Rd7+ Kf8 50. Rxa7 Ke8 51. Kd6 Kf8 52.
Ke6 Kg8 53. Kxf6 Kh8 54. Kg6 Kg8 55. Ra8# 1-0

[Event "Junior Online 4NCL Division 3"]
[Site "online"]
[Date "2020.04.23"]
[Round "2.38"]
[White "Benhamou, Nathan"]
[Black "Guo James, Jintian"]
[Result "1-0"]
[WhiteElo "1382"]
[BlackElo "1457"]
[PlyCount "113"]
[EventDate "2020.04.23"]
[WhiteTeam "Harrow Juniors B"]
[BlackTeam "Wey 1"]

1. e4 e6 2. d4 d5 3. e5 c5 4. c3 Nc6 5. Nf3 Qb6 6. Bd3 Bd7 7. Bf1 Nge7 8. Bg5
Nf5 9. Be2 cxd4 10. cxd4 Qxb2 11. Nbd2 Ncxd4 12. Rb1 Qc3 13. Nxd4 Nxd4 14. Rxb7
Nxe2 15. Qxe2 Qc1+ 16. Qd1 Qxd1+ 17. Kxd1 Bc5 18. f4 Bb6 19. g4 O-O 20. Rxd7
Rac8 21. Nb3 Rc4 22. Ke2 Rc2+ 23. Kd3 Rxa2 24. h3 Rc8 25. Rc1 Rf8 26. Nd4 Ra3+
27. Rc3 Rxc3+ 28. Kxc3 h6 29. Be7 Rc8+ 30. Kd3 Rc4 31. Ne2 Rc8 32. h4 Kh7 33.
g5 Kg6 34. Ng3 Rc4 35. h5+ Kh7 36. f5 Rd4+ 37. Ke2 Rg4 38. Kf3 Rc4 39. g6+ fxg6
40. hxg6+ Kg8 41. fxe6 Rc3+ 42. Kg2 Rc2+ 43. Kh3 d4 44. Rb7 Rc8 45. Nf1 d3 46.
Rd7 Rc3 47. Bb4 Rb3 48. Rb7 d2+ 49. Kg2 d1=Q 50. Rb8+ Bd8 51. e7 Qe2+ 52. Kg1
Qg4+ 53. Kh1 Rh3+ 54. Nh2 Qe4+ 55. Kg1 Qd4+ 56. Kg2 Qxe5 57. Rxd8# 1-0

[Event "Junior Online 4NCL Division 3"]
[Site "online"]
[Date "2020.04.23"]
[Round "2.41"]
[White "Wang, Yong Gui"]
[Black "Surapaneni, Rohit"]
[Result "1-0"]
[WhiteElo "1600"]
[BlackElo "1465"]
[PlyCount "105"]
[EventDate "2020.04.23"]
[WhiteTeam "KJCA Young Kestrels C"]
[BlackTeam "Cheshire8Z"]

1. e4 e5 2. Nf3 Nc6 3. Bc4 Bc5 4. c3 Nf6 5. d4 exd4 6. e5 Ng8 7. cxd4 Bb4+ 8.
Nc3 d6 9. exd6 cxd6 10. Ng5 d5 11. Qf3 Qe7+ 12. Be3 dxc4 13. O-O Bxc3 14. bxc3
h6 15. Ne4 Nf6 16. Nc5 b6 17. Qxc6+ Nd7 18. Nxd7 Qxd7 19. Qxa8 O-O 20. Qf3 Bb7
21. Qg3 Kh7 22. Bf4 Re8 23. Rfe1 Rc8 24. Re3 Rc6 25. Rae1 Rg6 26. Qh4 Rxg2+ 27.
Kf1 Qf5 28. Bg3 Qd5 29. Qe4+ Qxe4 30. Rxe4 Bxe4 31. Rxe4 f5 32. Re7 f4 33. Kxg2
fxg3 34. fxg3 Kg6 35. Rxa7 Kh7 36. Ra6 Kg6 37. Rxb6+ Kf7 38. Rc6 g6 39. Rxc4 g5
40. Rb4 g4 41. a4 h5 42. a5 Ke7 43. a6 h4 44. Ra4 h3+ 45. Kf2 Kd6 46. a7 Kc7
47. a8=Q Kb6 48. Qb8+ Kc6 49. Rc4+ Kd5 50. Qb5+ Kd6 51. Rc6+ Kd7 52. Qb7+ Kd8
53. Rc8# 1-0

[Event "Junior Online 4NCL Division 3"]
[Site "online"]
[Date "2020.04.23"]
[Round "2.42"]
[White "Surapaneni, Rahul"]
[Black "Sagar, Aneesh"]
[Result "0-1"]
[WhiteElo "1442"]
[BlackElo "1607"]
[PlyCount "88"]
[EventDate "2020.04.23"]
[WhiteTeam "Cheshire8Z"]
[BlackTeam "KJCA Young Kestrels C"]

1. g3 c6 2. Bg2 d5 3. e4 dxe4 4. Bxe4 Nf6 5. Bg2 Bf5 6. d3 Nbd7 7. Nc3 e6 8.
Nf3 Bb4 9. Bd2 O-O 10. a3 Bc5 11. O-O Qb6 12. Na4 Qb5 13. c4 Qa6 14. b4 Bb6 15.
Be3 Bxe3 16. fxe3 b5 17. Nc3 Rab8 18. c5 Qc8 19. d4 Nd5 20. Nxd5 exd5 21. Nd2
Bg6 22. e4 Nf6 23. e5 Nd7 24. Nf3 Qe8 25. Nh4 Qe6 26. Nxg6 Qxg6 27. Bh3 Rfd8
28. Bf5 Qg5 29. Qf3 Nf8 30. h4 Qe7 31. a4 Ne6 32. axb5 Rxb5 33. Ra4 Rdb8 34.
Rb1 Nxd4 35. Qd3 Qxe5 36. Bxh7+ Kh8 37. Rxa7 R5b7 38. Rba1 Rxb4 39. Rxf7 Ne2+
40. Kf2 Qxa1 41. Qg6 Qd4+ 42. Ke1 Rb1+ 43. Kxe2 R8b2+ 44. Kf3 Rf2# 0-1

[Event "Junior Online 4NCL Division 3"]
[Site "online"]
[Date "2020.04.23"]
[Round "2.43"]
[White "Oprea, Danny"]
[Black "Epstein, Jacob"]
[Result "1-0"]
[WhiteElo "1630"]
[BlackElo "1427"]
[PlyCount "135"]
[EventDate "2020.04.23"]
[WhiteTeam "KJCA Young Kestrels C"]
[BlackTeam "Cheshire8Z"]

1. c4 d5 2. cxd5 Qxd5 3. Nc3 Qd8 4. Nf3 Nc6 5. g3 b6 6. Bg2 Bb7 7. O-O e6 8. d4
Nf6 9. Ne5 Nd5 10. Nxd5 exd5 11. Bf4 Nxe5 12. Bxe5 f6 13. Bf4 Bd6 14. Bxd6 Qxd6
15. Qb3 O-O-O 16. Rac1 Rhe8 17. e3 g5 18. Qa4 Kb8 19. Rc3 Rc8 20. Rfc1 Red8 21.
Bh3 h5 22. Bxc8 Rxc8 23. Qa3 Qe6 24. Kg2 g4 25. Qb3 Qe4+ 26. Kg1 f5 27. Qc2 c6
28. Qxe4 fxe4 29. b4 Ba6 30. a4 Bd3 31. b5 c5 32. dxc5 Rxc5 33. Rxc5 bxc5 34.
Rxc5 Bc4 35. Rc6 Kb7 36. Rh6 Bb3 37. Rxh5 Bxa4 38. Rxd5 Kb6 39. Rd4 Bxb5 40.
Rxe4 a5 41. Rxg4 a4 42. Rg8 a3 43. Ra8 Ba6 44. Rb8+ Bb7 45. Rd8 a2 46. Rd1 Kb5
47. Ra1 Bd5 48. e4 Be6 49. f4 Bf7 50. f5 Bc4 51. e5 Kc6 52. e6 Kd6 53. g4 Ke7
54. h3 Kf6 55. Kh2 Ke7 56. Kg3 Kf6 57. Kf4 Ke7 58. g5 Kf8 59. Ke5 Ke7 60. f6+
Kd8 61. e7+ Ke8 62. Kd6 Kf7 63. h4 Ke8 64. g6 Be6 65. f7+ Bxf7 66. gxf7+ Kxf7
67. Kd7 Kg6 68. e8=Q+ 1-0

[Event "Junior Online 4NCL Division 3"]
[Site "online"]
[Date "2020.04.23"]
[Round "2.44"]
[White "Goldsmith, Max"]
[Black "Heard, Tom"]
[Result "1/2-1/2"]
[WhiteElo "1405"]
[BlackElo "1517"]
[PlyCount "153"]
[EventDate "2020.04.23"]
[WhiteTeam "Cheshire8Z"]
[BlackTeam "KJCA Young Kestrels C"]

1. e4 e5 2. Nf3 Nc6 3. Bc4 Nf6 4. Nc3 Nxe4 5. Nxe4 d5 6. Bb5 dxe4 7. Bxc6+ bxc6
8. Nxe5 Qd5 9. Ng4 h5 10. Ne3 Qb5 11. d3 exd3 12. Qxd3 Qxd3 13. cxd3 Bb4+ 14.
Bd2 Bxd2+ 15. Kxd2 O-O 16. Rhe1 Ba6 17. Ke2 Rad8 18. Rad1 Rd7 19. Kf1 Rxd3 20.
Rxd3 Bxd3+ 21. Kg1 Rb8 22. Rd1 Be2 23. Rd2 Ba6 24. h3 g6 25. Rc2 Bb5 26. Rc3 a6
27. Rb3 Rd8 28. Nc2 Ba4 29. Rc3 Rd2 30. b3 Bb5 31. a4 Bd3 32. Nb4 Be4 33. Nxc6
Rd1+ 34. Kh2 Rd2 35. f3 Bd5 36. Ne7+ Kf8 37. Nxd5 Rxd5 38. Rxc7 Rd3 39. Ra7
Rxb3 40. Rxa6 Ra3 41. Ra8+ Kg7 42. a5 h4 43. a6 g5 44. a7 f6 45. Kg1 Kf7 46.
Kf2 Ke7 47. g3 Kd7 48. gxh4 gxh4 49. Ke2 Kc7 50. Kf2 Kb7 51. Rf8 Kxa7 52. Rxf6
Kb7 53. Rh6 Ra4 54. Ke3 Kc7 55. f4 Kd7 56. Rxh4 Ke7 57. Rg4 Kf6 58. h4 Ra5 59.
Rg1 Rh5 60. Rh1 Kf5 61. Kf3 Rh7 62. h5 Rh6 63. Rh4 Rh7 64. h6 Kg6 65. Ke4 Re7+
66. Kf3 Rh7 67. Kg4 Kf6 68. f5 Rh8 69. h7 Kg7 70. Kg5 Kf7 71. Rh6 Kg7 72. f6+
Kf7 73. Kf5 Kf8 74. Ke6 Ke8 75. f7+ Kf8 76. Kf6 Rxh7 77. Rxh7 1/2-1/2

[Event "Junior Online 4NCL Division 3"]
[Site "online"]
[Date "2020.04.23"]
[Round "2.45"]
[White "Surapaneni, Rohit"]
[Black "Wang, Yong Gui"]
[Result "1/2-1/2"]
[WhiteElo "1465"]
[BlackElo "1600"]
[PlyCount "92"]
[EventDate "2020.04.23"]
[WhiteTeam "Cheshire8Z"]
[BlackTeam "KJCA Young Kestrels C"]

1. e4 e6 2. d4 d5 3. e5 c5 4. c3 Nc6 5. Nf3 Qb6 6. b3 Bd7 7. Be3 a5 8. a4 cxd4
9. Nxd4 Nxd4 10. Bxd4 Bc5 11. Bxc5 Qxc5 12. Be2 Nh6 13. O-O O-O 14. Qd4 Qc7 15.
Nd2 Nf5 16. Qd3 Qxe5 17. c4 Bc6 18. Nf3 Qf6 19. cxd5 Bxd5 20. Rac1 Rfd8 21. Qc2
Nd4 22. Nxd4 Qxd4 23. Rfd1 Qe4 24. Qxe4 Bxe4 25. Bc4 Bd5 26. Bxd5 Rxd5 27. Rxd5
exd5 28. Rc7 b6 29. Rd7 Rc8 30. h3 Kf8 31. Rxd5 Rc3 32. Rb5 Rc6 33. Kh2 Ke7 34.
Kg3 h6 35. Kf4 Kf6 36. Ke4 Ke6 37. Kd4 f5 38. f4 Kf6 39. g4 fxg4 40. hxg4 g6
41. Ke4 Re6+ 42. Kd4 Rd6+ 43. Kc4 Rc6+ 44. Kd4 Rd6+ 45. Kc4 Rc6+ 46. Kd4 Rd6+
1/2-1/2

[Event "Junior Online 4NCL Division 3"]
[Site "online"]
[Date "2020.04.23"]
[Round "2.46"]
[White "Sagar, Aneesh"]
[Black "Surapaneni, Rahul"]
[Result "0-1"]
[WhiteElo "1607"]
[BlackElo "1442"]
[PlyCount "117"]
[EventDate "2020.04.23"]
[WhiteTeam "KJCA Young Kestrels C"]
[BlackTeam "Cheshire8Z"]

1. e4 c5 2. Nf3 d6 3. Bb5+ Bd7 4. Bxd7+ Qxd7 5. O-O Nf6 6. Re1 g6 7. c3 Bg7 8.
e5 dxe5 9. Nxe5 Qd6 10. Qa4+ Nfd7 11. Nxd7 Qxd7 12. Qe4 e6 13. Na3 O-O 14. Nc2
Nc6 15. b4 cxb4 16. Nxb4 Nxb4 17. Qxb4 Bh6 18. Rb1 b6 19. d4 Bxc1 20. Rexc1
Rfb8 21. Qc4 Rc8 22. Qe2 Qa4 23. Rb4 Qd7 24. Rb2 Rc7 25. Qf3 Rac8 26. Rbc2 a6
27. Qd3 b5 28. Qd2 e5 29. d5 Rd8 30. Rd1 Rc5 31. d6 Rc6 32. Qe3 Rxd6 33. Re1
Rd1 34. Qxe5 Rxe1+ 35. Qxe1 Qd1 36. Rc1 Qxe1+ 37. Rxe1 Rd2 38. Rc1 Rxa2 39. g3
a5 40. Rb1 a4 41. Rxb5 Rc2 42. Ra5 Rxc3 43. Rxa4 Kg7 44. Kg2 Kh6 45. Rh4+ Kg7
46. Rf4 f5 47. Ra4 Rc7 48. Ra6 h5 49. Rd6 Kh6 50. h3 Kh7 51. Ra6 Rg7 52. Rf6
Kg8 53. h4 Kh7 54. Rd6 Rf7 55. Kf3 Rc7 56. Kf4 Rc4+ 57. Kg5 Rg4+ 58. Kf6 f4 59.
Rc6 0-1

[Event "Junior Online 4NCL Division 3"]
[Site "online"]
[Date "2020.04.23"]
[Round "2.47"]
[White "Epstein, Jacob"]
[Black "Oprea, Danny"]
[Result "0-1"]
[WhiteElo "1427"]
[BlackElo "1630"]
[PlyCount "84"]
[EventDate "2020.04.23"]
[WhiteTeam "Cheshire8Z"]
[BlackTeam "KJCA Young Kestrels C"]

1. e4 c5 2. Nf3 Nc6 3. d4 cxd4 4. Nxd4 g6 5. c3 Bg7 6. Bc4 Nf6 7. Nxc6 bxc6 8.
Bf4 O-O 9. Nd2 d6 10. O-O c5 11. Re1 Bb7 12. Bd5 Nxd5 13. exd5 Bxd5 14. Ne4
Bxe4 15. Rxe4 Qd7 16. Qf3 d5 17. Ree1 e6 18. Rad1 Qa4 19. a3 Qb3 20. Rb1 Qc2
21. Rec1 Qf5 22. Re1 e5 23. Bg3 Qxf3 24. gxf3 Rfe8 25. f4 e4 26. Kg2 f5 27. f3
e3 28. Re2 d4 29. cxd4 cxd4 30. Rd1 Rad8 31. Rd3 Rd7 32. Be1 Rb8 33. b4 Rc8 34.
a4 Rc4 35. a5 a6 36. Rb2 Re7 37. Re2 Re8 38. h4 h5 39. b5 axb5 40. Rb3 Ra4 41.
Rxb5 d3 42. Ra2 Rxa2+ 0-1

[Event "Junior Online 4NCL Division 3"]
[Site "online"]
[Date "2020.04.23"]
[Round "2.48"]
[White "Heard, Tom"]
[Black "Goldsmith, Max"]
[Result "0-1"]
[WhiteElo "1517"]
[BlackElo "1405"]
[PlyCount "50"]
[EventDate "2020.04.23"]
[WhiteTeam "KJCA Young Kestrels C"]
[BlackTeam "Cheshire8Z"]

1. e4 e5 2. Nf3 Nc6 3. Bc4 Bc5 4. c3 Nf6 5. d3 d6 6. h3 Be6 7. Bb3 O-O 8. Nbd2
h6 9. Nf1 Re8 10. Ng3 d5 11. exd5 Bxd5 12. O-O Bxb3 13. axb3 e4 14. dxe4 Qxd1
15. Rxd1 Nxe4 16. Nxe4 Rxe4 17. b4 Bd6 18. Be3 Ne5 19. Nxe5 Rxe5 20. Rxa7 Rxa7
21. Bxa7 b6 22. Bb8 Re8 23. Ra1 f6 24. Ba7 Re2 25. Ra2 Re1# 0-1

[Event "Junior Online 4NCL Division 3"]
[Site "online"]
[Date "2020.04.23"]
[Round "2.51"]
[White "Mikalajunas, Kajus"]
[Black "Ghosh, Kabir A"]
[Result "1/2-1/2"]
[WhiteElo "1675"]
[BlackElo "1622"]
[PlyCount "41"]
[EventDate "2020.04.23"]
[WhiteTeam "Leicestershire Juniors 1"]
[BlackTeam "Dulwich College Junior A"]

1. d4 f5 2. Nc3 Nf6 3. Bf4 e6 4. Nf3 d5 5. e3 c6 6. Bd3 Be7 7. O-O Ne4 8. Ne5
O-O 9. Nxe4 dxe4 10. Be2 Nd7 11. Nxd7 Bxd7 12. c4 Rc8 13. a3 a5 14. c5 b6 15.
b4 b5 16. Be5 axb4 17. axb4 Bf6 18. Bd6 Be7 19. Be5 Bf6 20. Bd6 Be7 21. Be5
1/2-1/2

[Event "Junior Online 4NCL Division 3"]
[Site "online"]
[Date "2020.04.23"]
[Round "2.52"]
[White "Nguyen, Ryan"]
[Black "Pyun, Lindsay"]
[Result "1-0"]
[WhiteElo "1517"]
[BlackElo "1495"]
[PlyCount "77"]
[EventDate "2020.04.23"]
[WhiteTeam "Dulwich College Junior A"]
[BlackTeam "Leicestershire Juniors 1"]

1. e4 e5 2. Nf3 Nc6 3. Bc4 Bc5 4. c3 Nf6 5. d4 exd4 6. cxd4 Bb4+ 7. Nc3 Nxe4 8.
O-O Bxc3 9. d5 Na5 10. bxc3 Nxc4 11. Qd4 O-O 12. Qxc4 Nf6 13. d6 cxd6 14. Re1
d5 15. Qd3 h6 16. Bf4 d6 17. c4 dxc4 18. Qxc4 Be6 19. Qb4 Bd5 20. Bxd6 Re8 21.
Rxe8+ Qxe8 22. Re1 Qc6 23. Re3 Rd8 24. Bf4 Qc1+ 25. Re1 Qc6 26. Re3 Bxa2 27.
Re2 Rd1+ 28. Re1 Rxe1+ 29. Qxe1 Bd5 30. Qe2 Bxf3 31. gxf3 Qc1+ 32. Bxc1 Nd5 33.
Qe8+ Kh7 34. Qe4+ g6 35. Qxd5 Kg8 36. Bxh6 Kh7 37. Bg5 a5 38. Qxf7+ Kh8 39.
Bf6# 1-0

[Event "Junior Online 4NCL Division 3"]
[Site "online"]
[Date "2020.04.23"]
[Round "2.53"]
[White "Moughtin-Leay, John"]
[Black "Avril, Aaran"]
[Result "1-0"]
[WhiteElo "1487"]
[BlackElo "1375"]
[PlyCount "123"]
[EventDate "2020.04.23"]
[WhiteTeam "Leicestershire Juniors 1"]
[BlackTeam "Dulwich College Junior A"]

1. d4 d5 2. c4 e6 3. Nc3 Nf6 4. Bf4 Bb4 5. cxd5 Nxd5 6. Bd2 Nxc3 7. Bxc3 Bxc3+
8. bxc3 Nc6 9. e4 O-O 10. f4 f5 11. e5 b6 12. Qf3 Bb7 13. Bb5 Na5 14. Qf2 Qd5
15. Bf1 Qe4+ 16. Ne2 Nc4 17. Rd1 Ne3 18. Rd2 Nxf1 19. Kxf1 c5 20. Ng3 Qb1+ 21.
Qe1 Qxe1+ 22. Kxe1 Bxg2 23. Rxg2 Rfd8 24. Rd2 Rd7 25. h3 Rad8 26. Ne2 h6 27.
Kf2 g5 28. Rg1 Kh7 29. fxg5 hxg5 30. Rxg5 Kh6 31. h4 Rd5 32. Ke3 b5 33. Nf4
R5d7 34. Nxe6 Rc8 35. dxc5 Rxd2 36. Kxd2 Re8 37. Ng7 Rd8+ 38. Kc2 Rd5 39. Nxf5+
Kh7 40. Rg7+ Kh8 41. Rxa7 Rxe5 42. Ra8+ Kh7 43. Nd6 Rxc5 44. Ra5 Rh5 45. Rxb5
Rxh4 46. Kb2 Rh2+ 47. Kb3 Rd2 48. Nc4 Rh2 49. a4 Rg2 50. a5 Rg8 51. a6 Ra8 52.
Rb6 Kg7 53. Nd6 Kf8 54. Kb4 Ke7 55. Kc5 Rh8 56. Rb7+ Ke6 57. Kc6 Rh3 58. c4 Ra3
59. Rb6 Ra4 60. Kb7 Kd7 61. a7 Ra3 62. c5 1-0

[Event "Junior Online 4NCL Division 3"]
[Site "online"]
[Date "2020.04.23"]
[Round "2.54"]
[White "He, Andy"]
[Black "Mehta, Sophie"]
[Result "0-1"]
[WhiteElo "1382"]
[BlackElo "1360"]
[PlyCount "106"]
[EventDate "2020.04.23"]
[WhiteTeam "Dulwich College Junior A"]
[BlackTeam "Leicestershire Juniors 1"]

1. e4 e6 2. d4 d5 3. e5 c5 4. c3 Nc6 5. Nf3 f6 6. exf6 Nxf6 7. Be2 Qb6 8. Bd3
cxd4 9. cxd4 Be7 10. O-O O-O 11. Nc3 Bd7 12. Bf4 g6 13. b3 Nxd4 14. Be3 Bc5 15.
Bc2 Nxc2 16. Bxc5 Qxc5 17. Qxc2 d4 18. Nxd4 Qxd4 19. Rad1 Qb6 20. Rfe1 Ng4 21.
Ne4 Bc6 22. h3 Bxe4 23. Rxe4 Qxf2+ 24. Qxf2 Nxf2 25. Rde1 Nxe4 26. Rxe4 Rf6 27.
Re1 Re8 28. Re2 Kf7 29. Kh2 h5 30. h4 Ke7 31. Kh3 Rf5 32. g3 Rf1 33. Kh2 Ref8
34. Kg2 Rc1 35. Kh2 Rfc8 36. Kg2 R8c2 37. Kf3 Rxe2 38. Kxe2 Rc2+ 39. Kd3 Rxa2
40. Kc4 Rg2 41. Kd3 Rxg3+ 42. Ke4 Rxb3 43. Kf4 Kf6 44. Ke4 a5 45. Kf4 a4 46.
Ke4 a3 47. Kd4 a2 48. Kc4 Rb1 49. Kd4 a1=Q+ 50. Ke3 Qa4 51. Kd2 Rb3 52. Ke2
Qa2+ 53. Kd1 Rb1# 0-1

[Event "Junior Online 4NCL Division 3"]
[Site "online"]
[Date "2020.04.23"]
[Round "2.55"]
[White "Ghosh, Kabir A"]
[Black "Mikalajunas, Kajus"]
[Result "0-1"]
[WhiteElo "1622"]
[BlackElo "1675"]
[PlyCount "48"]
[EventDate "2020.04.23"]
[WhiteTeam "Dulwich College Junior A"]
[BlackTeam "Leicestershire Juniors 1"]

1. c4 e5 2. Nc3 Nc6 3. Nf3 Bc5 4. e3 Nf6 5. Be2 O-O 6. a3 d6 7. O-O Be6 8. d4
exd4 9. exd4 Bb6 10. d5 Ne7 11. dxe6 fxe6 12. Qc2 Nf5 13. Rd1 Ng4 14. Rf1 Nh4
15. h3 Nxf3+ 16. Bxf3 Ne5 17. Be2 Qh4 18. Be3 Bxe3 19. fxe3 Qg3 20. Qd2 Rad8
21. Rxf8+ Rxf8 22. Rf1 Rxf1+ 23. Bxf1 Nf3+ 24. Kh1 Qh2# 0-1

[Event "Junior Online 4NCL Division 3"]
[Site "online"]
[Date "2020.04.23"]
[Round "2.56"]
[White "Pyun, Lindsay"]
[Black "Nguyen, Ryan"]
[Result "0-1"]
[WhiteElo "1495"]
[BlackElo "1517"]
[PlyCount "100"]
[EventDate "2020.04.23"]
[WhiteTeam "Leicestershire Juniors 1"]
[BlackTeam "Dulwich College Junior A"]

1. e4 c5 2. Nf3 d6 3. d4 cxd4 4. Nxd4 Nf6 5. Nc3 g6 6. Be3 Bg7 7. Bb5+ Bd7 8.
Bc4 O-O 9. O-O Nc6 10. f3 Qb6 11. Bb3 Nxd4 12. Bxd4 Qa5 13. Qd2 Rfc8 14. Rad1
b5 15. Nd5 Qxd2 16. Rxd2 Nxd5 17. Bxg7 Kxg7 18. Bxd5 Bc6 19. c3 Bxd5 20. Rxd5
Rab8 21. Rc1 b4 22. c4 Rc6 23. b3 Rbc8 24. Rcd1 Rc5 25. Kf2 Kf6 26. Ke3 h6 27.
Rxc5 Rxc5 28. Rd5 a6 29. Rxc5 dxc5 30. f4 e5 31. h4 Ke6 32. g4 f6 33. Kf3 exf4
34. Kxf4 g5+ 35. hxg5 hxg5+ 36. Kg3 Ke5 37. Kf3 Kd4 38. Ke2 Kxe4 39. Kf2 f5 40.
gxf5 Kxf5 41. Kf3 g4+ 42. Kg3 Kg5 43. Kf2 Kf4 44. Kg2 g3 45. Kf1 Kf3 46. Kg1 g2
47. Kh2 Kf2 48. Kh3 g1=Q 49. Kh4 Qg6 50. Kh3 Qg3# 0-1

[Event "Junior Online 4NCL Division 3"]
[Site "online"]
[Date "2020.04.23"]
[Round "2.57"]
[White "Avril, Aaran"]
[Black "Moughtin-Leay, John"]
[Result "0-1"]
[WhiteElo "1375"]
[BlackElo "1487"]
[PlyCount "40"]
[EventDate "2020.04.23"]
[WhiteTeam "Dulwich College Junior A"]
[BlackTeam "Leicestershire Juniors 1"]

1. e4 e5 2. Nf3 Nf6 3. Nc3 Nc6 4. Bb5 Bc5 5. O-O O-O 6. d3 h6 7. Re1 Ng4 8. Rf1
Nf6 9. Re1 Ng4 10. Rf1 Nf6 11. h3 d5 12. exd5 Nxd5 13. Nxd5 Qxd5 14. Bc4 Qd6
15. Re1 Qg6 16. Kh1 Bxf2 17. Nxe5 Nxe5 18. Rxe5 Qg3 19. Qe2 Bxh3 20. Bf4 Qxg2#
0-1